| 000 -LEADER |
| fixed length control field |
00551pab a2200181 454500 |
| 008 - FIXED-LENGTH DATA ELEMENTS--GENERAL INFORMATION |
| fixed length control field |
180718b2010 xxu||||| |||| 00| 0 eng d |
| 100 ## - MAIN ENTRY--PERSONAL NAME |
| Personal name |
Banchirigah, Sadia Mohammed |
| 245 ## - TITLE STATEMENT |
| Title |
De-agrarianization, re-agrarianization and local economic development: re-orientating livelihoods in African artisanal mining communities |
| 260 ## - PUBLICATION, DISTRIBUTION, ETC. |
| Date of publication, distribution, etc. |
2010 |
| 300 ## - PHYSICAL DESCRIPTION |
| Extent |
p.157-80. |
| 362 ## - DATES OF PUBLICATION AND/OR SEQUENTIAL DESIGNATION |
| Dates of publication and/or sequential designation |
Jun |
| 650 ## - SUBJECT ADDED ENTRY--TOPICAL TERM |
| Topical term or geographic name entry element |
Agriculture - Sub Saharan Africa |
| 650 ## - SUBJECT ADDED ENTRY--TOPICAL TERM |
| Topical term or geographic name entry element |
Agriculture |
| 700 ## - ADDED ENTRY--PERSONAL NAME |
| Personal name |
Hilson, Gavin |
| 773 ## - HOST ITEM ENTRY |
| Main entry heading |
Policy Sciences |
| 908 ## - PUT COMMAND PARAMETER (RLIN) |
| Put command parameter |
N |
| 909 ## - |
| -- |
86393 |